00691nam a22002057a 450000500170000001000150001702000260003203500140005803700090007208200150008110000240009624500570012025000170017726000380019427000510023230000210028394200290030499900190033395201330035220241104122957.0 aENG-142559 c800.00a9788193366240 aEN-126091 bDBAD a666.306254 aMishra Ashok973663 aNature of indian Society /cby Mishra ashokhEnglish aFirst Ediion aNew delhibOm Sai Publisherc2017 bNew delhia7/38, Ansari Road,Daryaganje110002 a216p.c22.cm(Hb) 2ddccENh666.306254mMIS c206876d206876 001040708NFICaBNbBNd2024-11-04eDBADg800.00l0o666.306254 MISpEN-126091r2024-11-04 00:00:00t1v800.00w2024-11-04yEN